| 000 | 00762nam a22001337a 4500 | ||
|---|---|---|---|
| 040 | _cRUA | ||
| 082 | _aAGR PRA 2015 B520 Or.1 | ||
| 100 | _aPRAK SOPHEAVINA; ប្រាក់ សោភាវីណា | ||
| 245 | _aCompare the effects of using bt, abamectin and neem oil to control pod borer on yard long bean crop; ប្រៀបធៀបប្រសិទ្ធភាពនៃការប្រើប្រាស់ថ្នាំ BT អាបាមេទិន និងប្រេងស្ដៅក្នុងការគ្រប់គ្រងដង្កូវចោះផ្លែលើដំណាំសណ្ដែកកូរ | ||
| 260 |
_aPhnom Penh _bPRA _c2015 |
||
| 300 |
_ax;42p. _bill. _c29cm. |
||
| 856 | _u PRAK SOPHEAVINA | ||
| 942 | _cAGR | ||
| 999 |
_c10757 _d10757 |
||